000
00325nam a22001337a 4500
008
170817b xxu||||| |||| 00| 0 eng d
020
_a
0201149478
041
_a
eng
080
_a
51
100
_a
36
101
_a
MAT
245
_a
AN INTRODUCTION TO DISCRETE MATHEMATICS AND ITS APPLICATIONS
_c
KENNETH,K
942
_2
udc
_c
BK
999
_c
24025
_d
24025